| 000 | 00996nac a22003137a 4500 | ||
|---|---|---|---|
| 001 | BR7805070 | ||
| 003 | BR-BrBNA | ||
| 005 | 20240105114254.0 | ||
| 008 | 230509b bl.|||m| |||| 00| 0 por d | ||
| 040 |
_aBR-BrBNA _bpor _cBiblioteca Nacional de Agricultura |
||
| 072 | _aM00; E70; M10 | ||
| 090 | _aM00 BR7805070 | ||
| 110 | 1 |
_aComissao Estadual de Planejamento Agricola, Fortaleza, CE (Brasil) _92048 |
|
| 245 | 1 | _a1. Plano estadual de desenvolvimento da pesca no Ceara 1979-83 [Producao pesqueira; Mercado; Brasil] | |
| 260 | 3 |
_aFortaleza, CE (Brasil): _c1978. |
|
| 300 | _a125 p. | ||
| 490 |
_aPublicacao CEPA-CE (Brazil) _vno. 27 _x |
||
| 500 | _a42 tables | ||
| 650 | _aPesca | ||
| 650 | _aComercializacao | ||
| 650 | _aProducao pesqueira | ||
| 650 | _aPesca artesanal | ||
| 650 | _aPesca industrial | ||
| 650 | _aDesenvolvimento pesqueiro | ||
| 650 | _aIndustrializacao | ||
| 650 | _aCeara | ||
| 909 |
_a202312 _bLúcia Elande _c55 _dLúcia Elande |
||
| 942 |
_2AGRIS _n0 _cMS |
||
| 999 |
_c268386 _d268386 |
||